Bharat ratna atal bihari vajpayee / (Record no. 157016)

MARC details
000 -LEADER
fixed length control field 00608nam a22001937a 4500
005 - DATE AND TIME OF LATEST TRANSACTION
control field 20180925154352.0
010 ## - LCCN (DPL NO)
LC control number ENG-123973
020 ## - INTERNATIONAL STANDARD BOOK NUMBER
Terms of availability 995.00
International Standard Book Number 9789385289149
035 ## - SYSTEM CONTROL NUMBER
System control number EN-107505
037 ## - SOURCE OF ACQUISITION
Source of stock number/acquisition DBAD/PUB
082 ## - DEWEY DECIMAL CLASSIFICATION NUMBER
Classification number 954.092
100 ## - MAIN ENTRY--PERSONAL NAME
Personal name Asha Kiran
245 ## - TITLE STATEMENT
Title Bharat ratna atal bihari vajpayee /
Statement of responsibility, etc by Asha Kiran
260 ## - PUBLICATION, DISTRIBUTION, ETC. (IMPRINT)
Name of publisher, distributor, etc Solar Books
Place of publication, distribution, etc New Delhi
Date of publication, distribution, etc 2017
270 ## - ADDRESS
Address 4239A/1, Veer Sadan, Ansari Road (Behind Delhi Hospital) Darya Ganj,
City New Delhi
Postal code 110002
300 ## - PHYSICAL DESCRIPTION
Extent viii,284p
Dimensions 23cm.(Hb.)
500 ## - GENERAL NOTE
General note It includes bibliography
942 ## - ADDED ENTRY ELEMENTS (KOHA)
Source of classification or shelving scheme Dewey Decimal Classification
Item type English Books
Call number suffix ASH
Classification part 954.092
Holdings
Withdrawn status Lost status Not for loan Collection code Home library Current library Date acquired Source of acquisition Cost, normal purchase price Full call number Barcode Copy number Cost, replacement price Koha item type
    Not For Loan Non-fiction D.B.Act.Division Sarojini Nagar 06/09/2018 DBAD/PUB 995.00 954.092 ASH EN-107505 1 995.00 English Books

© Delhi Public Library
Hit Counter
free hit counter